Home Health Care Nursing. / (Record no. 19855)
[ view plain ]
| 000 -LEADER | |
|---|---|
| fixed length control field | 00434nam a2200169 a 4500 |
| 005 - DATE AND TIME OF LATEST TRANSACTION | |
| control field | 20140310183200.0 |
| 008 - FIXED-LENGTH DATA ELEMENTS--GENERAL INFORMATION | |
| fixed length control field | 021205s19uu xx 00 eng d |
| 050 ## - LIBRARY OF CONGRESS CALL NUMBER | |
| Classification number | RT 61 |
| Item number | .H67 2002 |
| 100 ## - MAIN ENTRY--PERSONAL NAME | |
| Personal name | Martinson, Ida M. |
| 245 ## - TITLE STATEMENT | |
| Title | Home Health Care Nursing. / |
| Statement of responsibility, etc | Ida M. Martinson. |
| 250 ## - EDITION STATEMENT | |
| Edition statement | 2nd |
| 300 ## - PHYSICAL DESCRIPTION | |
| Extent | 577 p.: |
| Other physical details | col. ill .; |
| Dimensions | 27 cm. |
| 521 ## - TARGET AUDIENCE NOTE | |
| Target audience note | |
| 650 ## - SUBJECT ADDED ENTRY--TOPICAL TERM | |
| Topical term or geographic name as entry element | Home nursing. |
| 942 ## - ADDED ENTRY ELEMENTS (KOHA) | |
| Koha item type | Books |
| Source of classification or shelving scheme | Library of Congress Classification |
| Call number prefix | Foreign |
| Withdrawn status | Lost status | Source of classification or shelving scheme | Damaged status | Home library | Current library | Shelving location | Date acquired | Total Checkouts | Full call number | Barcode | Date last seen | Copy number | Price effective from | Koha item type |
|---|---|---|---|---|---|---|---|---|---|---|---|---|---|---|
| Library of Congress Classification | College Library | College Library | General Circulation Section | 01/13/2014 | RT 61 .H67 2002 | C1395 | 05/15/2018 | 1 | 01/13/2014 | Books |